Normal view
MARC view
- تأليف الكيلاني، تيسير
Entry Personal Name
001 - CONTROL NUMBER
- control field: 27527
003 - CONTROL NUMBER IDENTIFIER
- control field: JO-AjAnu
005 - DATE AND TIME OF LATEST TRANSACTION
- control field: 20230606074656.0
008 - FIXED-LENGTH DATA ELEMENTS
- fixed length control field: 230606|| aca||aabn | a|a d
040 ## - CATALOGING SOURCE
- Original cataloging agency: JO-AjAnu
- Transcribing agency: JO-AjAnu
100 ## - HEADING--PERSONAL NAME
- Personal name: تأليف الكيلاني، تيسير
670 ## - SOURCE DATA FOUND
- Source citation: Work cat.: (JO-AjAnu)14136: تأليف الكيلاني، تيسير, author, معجم الكيلاني لمصطلحات الكومبيوتروالإنترنت: أنجليزي - أنجليزي - عربي = Al-Kilani dictionary of computer and Terminology : English-English-Arabic